Central Library OPAC University of Rajshahi

Evaluation and Utilization of Genetic Variability in Hybrid, Indigenous and Exotic Varieties of Mulberry Silkworm, Bombyxmori L. / (Record no. 83821)

MARC details
000 -LEADER
fixed length control field 01055nam a2200253 a 4500
001 - CONTROL NUMBER
RUCL Control Number 83821
003 - CONTROL NUMBER IDENTIFIER
rucl marc code BD-RjUL
005 - DATE AND TIME OF LATEST TRANSACTION
control field 20240526125205.0
008 - FIXED-LENGTH DATA ELEMENTS--GENERAL INFORMATION
fixed length control field 240526s2003 bg a|||| m||| 00| 0 eng d
035 ## - SYSTEM CONTROL NUMBER
system control number (BD-RjUL)83821
040 ## - CATALOGING SOURCE
Original cataloging agency BD-RjUL
Language of cataloging eng
Transcribing agency BD-RjUL
Modifying agency BD-RjUL
041 ## - LANGUAGE CODE
Language code of Book eng
082 ## - DEWEY DECIMAL CLASSIFICATION NUMBER
DDC Edition number 23
Classification number 595.78
Author mark and Year AHE 2003
100 ## - MAIN ENTRY--PERSONAL NAME
Personal name Ahsan, Md. Kamrul
245 10 - TITLE STATEMENT
Title Evaluation and Utilization of Genetic Variability in Hybrid, Indigenous and Exotic Varieties of Mulberry Silkworm, Bombyxmori L. /
Statement of responsibility, etc By Md. Kamrul Ahsan ;
Name of Supervisor/Co-Supervisor Supervisor : Sawdagar Mahfuzar Rahman, Supervisor : Md. Tajimul Haque
260 ## - PUBLICATION, DISTRIBUTION, ETC. (IMPRINT)
Place of publication, distribution, etc Rajshahi :
Name of publisher, distributor, etc Deaprtment of Zoology, University of Rajshahi,
Date of publication, distribution, etc 2003
300 ## - PHYSICAL DESCRIPTION
Pagination iii, 261 Leaves :
Other physical details ill, ;
Dimensions 29 cm.
502 ## - DISSERTATION NOTE
Dissertation note Thesis (Ph. D.) -- Deaprtment of Zoology, University of Rajshahi, 2003
504 ## - BIBLIOGRAPHY, ETC. NOTE
Bibliography, etc Literature Cited : Leaves [218]-233
650 ## - SUBJECT ADDED ENTRY--TOPICAL TERM
Topical term or geographic name as entry element Arthropoda
Form subdivision Indigenous
General subdivision Evaluation
9 (RLIN) 13173
700 ## - ADDED ENTRY--SUPERVISOR/CO-SUPERVISOR NAME
Personal name Rahman, Sawdagar Mahfuzar, Supervisor
9 (RLIN) 13174
Personal name Haque, Md. Tajimul, Supervisor
9 (RLIN) 13175
942 ## - ADDED ENTRY ELEMENTS (KOHA)
Source of classification or shelving scheme Dewey Decimal Classification
Koha item type Theses
Holdings
Source of classification or shelving scheme Damaged status Not for loan Collection code Permanent Location Current Location Shelving location Date of accession Source of acquisition Total Checkouts Full call number Barcode Date last seen Copy number Thesis
Dewey Decimal Classification   Not For Loan Theses Central Library, University of Rajshahi Central Library, University of Rajshahi Documentation Section 17/04/2004 Controller of Exam. R. U.   THE 595.78 AHE 2003 D2216 26/05/2024 C-I Theses